00324nam a2200109Ia 4500008004100000082000800041100001900049245003000068942000600098952009500104999001500199240331s9999 xx 000 0 und d bDES aDe Silva,G.P.G 0aDharshanaya saha kanthawa cL 001040708LaWERCLbWERCLcSSCd2024-03-31l0o 100 DESp4936r2024-03-31w2024-03-31yL c1355d1355